| 000 | 004730000a22001810004500 | ||
|---|---|---|---|
| 003 | MACL | ||
| 005 | 20150823153402.0 | ||
| 008 | 150823b xxu||||| |||| 00| 0 eng d | ||
| 040 |
_aMACL _cMACL |
||
| 041 | _aEnglish | ||
| 082 | _a649/JOS | ||
| 100 |
_aJoshi, Sandhya _97156 |
||
| 245 | _aChild Survival Health And Social Work Intervention | ||
| 260 |
_aNew Delhi _bConcept Publishing Co. _c1996 |
||
| 350 | _a215 | ||
| 650 |
_aHome Economics _97157 |
||
| 942 |
_cBK _k649 _2ddc |
||
| 999 |
_c2742 _d2742 |
||